Central Library OPAC University of Rajshahi

Beginners civics and economics / (Record no. 51863)

MARC details
000 -LEADER
fixed length control field 00718nam a2200253 a 4500
001 - CONTROL NUMBER
control field 51863
003 - CONTROL NUMBER IDENTIFIER
rucl marc code BD-RjUL
005 - DATE AND TIME OF LATEST TRANSACTION
control field 20211209075725.0
008 - FIXED-LENGTH DATA ELEMENTS--GENERAL INFORMATION
fixed length control field 160904s1953 pk ||||| |||| 00| 0 eng d
020 ## - INTERNATIONAL STANDARD BOOK NUMBER
Terms of availability : PRs. 7.00
035 ## - SYSTEM CONTROL NUMBER
System control number (BD-RjUL)51983
040 ## - CATALOGING SOURCE
Original cataloging agency BD-RjUL
Language of cataloging eng
Transcribing agency BD-RjUL
041 ## - LANGUAGE CODE
Language code of text/sound track or separate title eng
082 ## - DEWEY DECIMAL CLASSIFICATION NUMBER
Edition number 23
Classification number 330
Author mark and year RAB 1953
100 1# - MAIN ENTRY--PERSONAL NAME
Personal name Rahman, Hafiz Habibur
9 (RLIN) 155138
245 10 - TITLE STATEMENT
Title Beginners civics and economics /
Statement of responsibility, etc. by Hafiz Habibur Rahman
250 ## - EDITION STATEMENT
Edition statement 3rd ed. rev. & improved
260 ## - PUBLICATION, DISTRIBUTION, ETC. (IMPRINT)
Place of publication, distribution, etc. Dacca :
Name of publisher, distributor, etc. Ideal publications,
Date of publication, distribution, etc. 1953
300 ## - PHYSICAL DESCRIPTION
Pagination viii, 613 p. ;
Size 17 cm.
504 ## - BIBLIOGRAPHY, ETC. NOTE
Bibliography, etc Includes bibliographical footnotes
650 ## - SUBJECT ADDED ENTRY--TOPICAL TERM
Topical term or geographic name as entry element Economics
9 (RLIN) 155139
Topical term or geographic name as entry element Civics
9 (RLIN) 228961
942 ## - ADDED ENTRY ELEMENTS (KOHA)
Source of classification or shelving scheme Dewey Decimal Classification
Koha item type Books
Holdings
Lost status Source of classification or shelving scheme Damaged status Not for loan Collection code Permanent Location Current Location Shelving location Date acquired Source of acquisition Total Checkouts Full call number Date last seen Copy number Koha item type
  Dewey Decimal Classification     Non-fiction Central Library, University of Rajshahi Central Library, University of Rajshahi   27/01/1955 N/A   330 RAB 1953 04/09/2016 C-2 Books
  Dewey Decimal Classification   Not For Loan Rare Books Central Library, University of Rajshahi Central Library, University of Rajshahi Rare Book Section 04/03/2019     RA 330 RAB 1953 04/03/2019 C-1 Rare Books